| 000 | 00825nam a2200253 a 4500 | ||
|---|---|---|---|
| 005 | 20250510063755.0 | ||
| 008 | 051003s2004 mx r 000 0 spa d | ||
| 020 | _a8483065754 | ||
| 035 | _aUPN01000140483 | ||
| 049 | _aCG | ||
| 050 | 4 |
_aHD69 B7 _bQU3.5 |
|
| 100 | 1 |
_aQuart, Alissa, _d1972- |
|
| 245 | 1 | 0 |
_aMarcados : _bla explotación comercial de los adolescentes / _cAlissa Quart ; tr. de Ramon Vilá Vernis. |
| 260 |
_aBarcelona, Esp. : _bDebate, _c2004. |
||
| 300 | _a238 p. | ||
| 440 | 0 | _aArena abierta | |
| 534 |
_pTraducción de: _tBranded |
||
| 650 | 4 |
_aPRODUCTOS DE MARCA - _xMERCADOTECNIA _93039 |
|
| 650 | 4 |
_aADOLESCENTES CONSUMIDORES _93038 |
|
| 650 | 4 |
_aComportamiento del consumidor _93037 |
|
| 650 | 4 |
_aPREFERENCIAS DE LOS CONSUMIDORES _93036 |
|
| 700 | 1 |
_aVilá Vernis, Ramon, _etr. |
|
| 905 | _aLibro | ||
| 999 |
_c112631 _d112631 |
||